| 000 | 01881nam0a2200409 4500 | ||
|---|---|---|---|
| 001 | RU\NLR\BIBL_A\012572644 | ||
| 005 | 20210916151013.0 | ||
| 010 |
_a978-5-389-19116-7 _94000 |
||
| 021 |
_aRU _bКН-П-21-019884 _9КН-П-21-1539 |
||
| 035 | _a(NLR Aleph) 012572644 | ||
| 090 |
_a12496271 _c12496271 |
||
| 100 | _a20210730d2021 u y0rusy50 ca | ||
| 101 | 1 |
_arus _cund |
|
| 102 | _aRU | ||
| 105 | _ay|||z|||000zy | ||
| 181 | 0 |
_ai _baxxe |
|
| 182 | 0 | _an | |
| 200 | 1 |
_aВойна с Ганнибалом _fТит Ливий _gпересказ, примечания, послесловие и словарь Шимона Маркиша |
|
| 203 |
_aТекст _bвизуальный _cнепосредственный |
||
| 210 |
_aСанкт-Петербург _cАзбука _cАзбука-Аттикус _d2021 |
||
| 215 |
_a382, [2] с. _d18 |
||
| 225 | 1 | _aАзбука-классика | |
| 225 | 1 | _aNon-Fiction | |
| 320 | _aДр. произведения авт. на 4-й с.о бл. | ||
| 333 | _a16+ | ||
| 604 |
_1700#1$aЛивий$bТ.$gТит$f59 до н.э. - 17 н.э. _1500##$a"Война с Ганнибалом"$2nlr_sh2$3RU\NLR\AUTH\661566707 _aЛивий, Тит (59 до н.э. - 17 н.э.) _t"Война с Ганнибалом" _92630147 _3RU\NLR\AUTH\661566707 |
||
| 606 | 1 |
_aПунические войны _jИсточники и источниковедение _z264 - 146 гг. до н.э. _91181466 _3RU\NLR\AUTH\66157847 |
|
| 686 | 1 | _aТ3(0)323,012 | |
| 686 | 1 | _aТ3(0)323.3-683,01 | |
| 686 | 1 | _aЦ35(0)3,01 | |
| 686 | 1 | _aШ5(0)353.1-4Ливий534 | |
| 700 | 1 |
_7ca _8rus _aЛивий _bТ. _f59 до н.э.-17 н.э. _gТит _9122380 _3RU\NLR\AUTH\7712669 |
|
| 702 | 1 |
_aМаркиш _bШ. _gШимон _4570 |
|
| 942 | _cBOOK | ||
| 980 | _aNB | ||